Catalog

Record Details

Catalog Search



Raise high the roof beam, carpenters : and ... Read More

Available copies

  • 5 of 5 copies available at LARL/NWRL Consortium.
  • 5 of 5 copies available at Lake Agassiz Regional Library. (Show preferred library)

Current holds

0 current holds with 5 total copies.

Show Only Available Copies
Location Call Number / Copy Notes Barcode Shelving Location Status Due Date
Breckenridge Public Library SAL (Text) 33500009390576 Main Available -
Crookston Public Library SAL (Text) 33500009390592 Main Available -
Detroit Lakes Public Library SAL (Text) 33500009390550 Main Available -
Moorhead Public Library SAL (Text) 33500009390568 Main Available -
Moorhead Public Library SAL (Text) 33500009390584 Main Available -

Record details

  • ISBN: 9780316769570
  • ISBN: 0316769576 :
  • Physical Description: 248 p. ; 21 cm.
  • Publisher: Boston, MA : Little, Brown, c1987.

Content descriptions

General Note:
The first of these two stories was originally published in the New Yorker in 1955. The second was ... Read More
LDR 01529cam a2200325Ka 4500
00182978
003LARL_NWRL_CONSORTIUM
00520070814165711.0
008920124s1987 mau 000 1 eng d
010 . ‡z63008969
020 . ‡a9780316769570
020 . ‡a0316769576 : ‡c$18.95
035 . ‡a(OCoLC)25160196
040 . ‡aEZH ‡cEZH ‡dZHM ‡dOCL ‡dOCLCQ
08204. ‡a813.5
1001 . ‡aSalinger, J. D. ‡q(Jerome David), ‡d1919-2010. ‡0(LARL_NWRL_CONSORTIUM)47440
24510. ‡aRaise high the roof beam, carpenters : ‡band Seymour, an introduction / ‡cJ.D. Salinger.
2463 . ‡aSeymour
260 . ‡aBoston, MA : ‡bLittle, Brown, ‡cc1987.
300 . ‡a248 p. ; ‡c21 cm.
500 . ‡aThe first of these two stories was originally published in the New Yorker in 1955. The second was originally published in 1959 in the same magazine.
70012. ‡aSalinger, J. D. ‡q(Jerome David), ‡d1919-2010. ‡tSeymour.
901 . ‡a82978 ‡bOCLC ‡c82978 ‡tbiblio

Additional Resources